000 00739nam a2200253Ia 4500
003 OSt
005 20220924130736.0
006 a|||||r|||| 00| 0
007 ta
008 220923b |||||||| |||| 00| 0 urd d
020 _c12
024 _a322775
037 _cTextual
040 _aARTS
_cARTS
_burd
041 _2urd
_aurd
082 _aV2:51wM95, 168L5
100 _aIshaq Hakim Mohammad Au.
_9200675
245 0 _aParwana-e-chiragh-e-mazar-e-khudeem-e-ma
260 _aU.P
_bUttar Pardesh Urdu academy India
_c1975
300 _a288p.
_ccm.
650 _aINDIA - HISTORY - FREEDOM STRUGGLE
_922401
942 _hV2:51wM95, 168L5
_cTEXL
_2CC
999 _c425348
_d425348